000 00517nam a2200157Ia 4500
005 20250508155501.0
008 008 250505s9999 xx 000 0 eng d
037 _aBooks to be hide in OPAC
040 _aFEDL
_beng
_cFEDL
041 _aeng
_2eng
084 _a379.549, HYD/O
_qFEDL
245 0 _aReport on public instruction in H.E.H the Nizam's Dominions for 1948F.-1938-39 A.D
260 _aHyderabad, India
_bGovernment Central Press
942 _cHB
_h379.549, HYD/O
999 _c1357222
_d1357222